10 größten Länder Afrikas nach Fläche - Kartenquiz. - Statistiken

Allgemein
  • Dieses Quiz wurde 366 mal gespielt
  • Das Durchschnittsergebnis liegt bei 9 aus 10
Antworten auf der Karte
Die Antworten werden auf der Karte rot bzw. grün angezeigt, abhängig davon wie oft sie richtig erraten wurden.
 
Antwortstatistiken
Antwort % Korrekt
Algerien
98%
Südafrika
96%
Demokratische Republik Kongo
95%
Libyen
94%
Mali
90%
Äthiopien
89%
Angola
88%
Sudan
87%
Niger
86%
Tschad
86%
Keine übereinstimmenden Quizze gefunden
Verteilung der Resultate
Anzahl Personen mit jedem Resultat
Perzentil nach korrekt beantworteten Fragen
Ihre Resultats-Entwicklung
Sie haben dieses Quiz noch nicht gespielt